|
|
|
|
| LEADER |
01122nam a2200253 a 4500 |
| 001 |
4556549 |
| 008 |
100126s1971 enka bs 000 0 eng d |
| 010 |
|
|
|a 72196862
|
| 020 |
|
|
|a 0853280061
|
| 040 |
|
|
|a DLC
|c DLC
|d DLC
|d BD-DhAAL
|
| 082 |
0 |
0 |
|a 301.32/9/1724
|2 17
|
| 100 |
1 |
|
|a Carrier, Norman.
|
| 245 |
1 |
0 |
|a Demographic estimation for developing societies:
|b a manual of techniques for the detection and reduction of errors in demographic data
|c Norman Carrier and John Hobcraft.
|
| 260 |
|
|
|a London,
|b London School of Economics, Population Investigation Committee,
|c 1971.
|
| 300 |
|
|
|a [7], 204 p.
|b 2 illus.
|c 25 cm.
|
| 504 |
|
|
|a Includes Bibliography (p. 41.)
|
| 541 |
1 |
|
|e 00004479
|
| 650 |
|
0 |
|a Demography.
|
| 651 |
|
0 |
|a Developing countries
|x Population.
|
| 700 |
1 |
|
|a Hobcraft, John,
|e joint author.
|
| 710 |
2 |
|
|a Population Investigation Committee.
|
| 852 |
4 |
|
|a Ayesha Abed Library
|j General shelf
|
| 999 |
|
|
|c 7224
|d 7224
|
| 952 |
|
|
|0 0
|1 0
|2 ddc
|4 0
|6 301_329172400000000_CAR_1971
|7 0
|9 7532
|a BRACUL
|b BRACUL
|c GEN
|d 2010-01-27
|g 0.00
|l 2
|o 301.3291724 CAR
|p 3010004479
|r 2017-09-21
|s 2017-09-17
|t 1
|w 2010-01-27
|y BK
|z Not price in Register
|